| 000 | 00474nam a22001695i 4500 | ||
|---|---|---|---|
| 001 | 53469 | ||
| 003 | ES-MaACL | ||
| 005 | 20230906162755.0 | ||
| 007 | t| | ||
| 008 | 950929s1864 sp ||||1| fre d | ||
| 040 |
_aCAM _bspa _cCAM |
||
| 130 | 0 |
_aBiblia. _pN.T. _lFrancés. _9119306 |
|
| 245 | 1 | 4 | _aLes evangiles des dimanches et fêtes de l'année. |
| 260 |
_aParis : _bL. Curmer, _c1864. |
||
| 300 |
_a[1], XLI, 361, [2] h., V p. ; _c29 cm. |
||
| 852 |
_aES-MaACL _jR-3352 |
||
| 999 |
_c53469 _d53469 |
||